000
00214 a2200097 4500
001
45047
100
_a
Dyson
245
_a
Principles of mechanics
260
_a
London
_b
Oxford Univ press
_c
090
_c
28324
_d
28324
942
_a
NUST-CAE
_c
M
_c
20363
999
_c
280120
_d
280120